Giáo trình phương pháp dạy học đại cương môn tin học Sách dành cho Cao đẳng Sư phạm

Trình bày các phương pháp dạy học môn tin học như dạy học khái niệm, phần mềm, lập trình trong hoạt động và bằng hoạt động, các phương pháp tiếp cận nhiều mặt vào dạy học lập trình và dạy học một số kĩ thuật lập trình

Enregistré dans:
Détails bibliographiques
Auteur principal: Nguyễn Bá Kim
Autres auteurs: Lê Khắc Thành (Biên soạn)
Format: Livre
Langue:Vietnamese
Publié: H. Đại học Sư phạm 2009
Sujets:
Tags: Ajouter un tag
Pas de tags, Soyez le premier à ajouter un tag!
Thư viện lưu trữ: Mạng thư viện Đại học Đà Nẵng
LEADER 01639nam a2200373 4500
001 000023079
003 19528
005 20150529150539.0
008 150527s2009 viesd
020 |c 39000 
041 0 |a vie 
082 0 0 |a 004.071  |b NG-K 
100 1 |a Nguyễn Bá Kim 
245 1 0 |a Giáo trình phương pháp dạy học đại cương môn tin học  |b Sách dành cho Cao đẳng Sư phạm  |c Nguyễn Bá Kim (Cb), Lê Khắc Thành 
260 |a H.  |b Đại học Sư phạm  |c 2009 
300 |a 215 tr.  |c 24 cm. 
500 |a Đầu bìa ghi: Bộ Giáo dục và Đào tạo. Dự án Đào tạo giáo viên THCS 
504 |a Thư mục đàu sách 
520 3 |a Trình bày các phương pháp dạy học môn tin học như dạy học khái niệm, phần mềm, lập trình trong hoạt động và bằng hoạt động, các phương pháp tiếp cận nhiều mặt vào dạy học lập trình và dạy học một số kĩ thuật lập trình 
650 0 4 |a Tin học  |v Giáo trình  |x Dạy và học 
653 |a Phương pháp dạy học 
653 |a Tin học 
653 |a Giáo trình 
700 1 |a Lê Khắc Thành  |e Biên soạn 
OWN |a LSP 
AVA |a UDN50  |b LSP  |d 004.071 NG-K  |e check_holdings  |t Error 5003 Not defined in file expand_doc_bib_avail.  |h N  |k 1 
999 |a From the UDN01 
AVA |a UDN50  |b LSP  |d 004.071 NG-K  |e available  |t Error 5001 Not defined in file expand_doc_bib_avail.  |f 30  |g 0  |h N  |i 3  |k 1 
TYP |a Monograph 
TYP |a Printed language 
980 |a Mạng thư viện Đại học Đà Nẵng